Gandhi & Churchill: The Epic Rivalry that Destroyed an Empire and Forged our Age (Record no. 21190)

MARC details
000 -LEADER
fixed length control field 00388nam a22001337a 4500
020 ## - INTERNATIONAL STANDARD BOOK NUMBER
ISBN 9780099493440
082 ## - DEWEY DECIMAL CLASSIFICATION NUMBER
Classification number 320.0954 HER1
100 ## - MAIN ENTRY--AUTHOR NAME
Author name Herman, Arthur
245 ## - TITLE STATEMENT
Title Gandhi & Churchill: The Epic Rivalry that Destroyed an Empire and Forged our Age
260 ## - PUBLICATION, DISTRIBUTION, ETC. (IMPRINT)
Place of publication London
Name of publisher Arrow Books (The Random House Group Limited)
Year of publication 2008
300 ## - PHYSICAL DESCRIPTION
Number of Pages 721
650 ## - SUBJECT ADDED ENTRY--TOPICAL TERM
Topical Term India-Politics
942 ## - ADDED ENTRY ELEMENTS (KOHA)
Koha item type Books
Holdings
Home library Current library Shelving location Date acquired Full call number Accession Number Koha item type
Henry Martyn Institute Library Henry Martyn Institute Library General stacks 07/13/2018 320.0954 HER1 24825 Books
                   Copyright © 2026 | Henry Martyn Institute | Hyderabad | TS-500052 | INDIA | Implemented by hmi.edu.in
Hit-Count:

Powered by Koha